[Event "Chengdu WGP 2016"]
[Site "Chengdu CHN"]
[Date "2016.07.14"]
[Round "11.2"]
[White "Ju, Wenjun"]
[Black "Tan, Zhongyi"]
[Result "1/2-1/2"]
[WhiteTitle "GM"]
[BlackTitle "WGM"]
[WhiteElo "2578"]
[BlackElo "2495"]
[WhiteFideId "8603006"]
[BlackFideId "8603642"]
[EventDate "2016.07.02"]

1. d4 Nf6 2. c4 e6 3. Nc3 Bb4 4. Qc2 d5 5. cxd5 Qxd5 6. e3 c5 7. Bd2 Bxc3 8.
Bxc3 cxd4 9. Bxd4 Nc6 10. Bxf6 gxf6 11. Ne2 Bd7 12. a3 Rc8 13. Nc3 Qe5 14. Be2
Ne7 15. Bf3 Bc6 16. Bxc6+ Rxc6 17. Qd2 Rd6 18. Qe2 f5 19. O-O O-O 20. Rfd1 Rfd8
21. Rxd6 Rxd6 22. g3 a6 23. Rc1 Rc6 24. Qh5 Ng6 25. Qf3 Qf6 26. Rd1 Ne5 27. Qe2
Rc7 28. Rd4 Nc6 29. Rd1 Ne5 30. a4 Kg7 31. f4 Nd7 32. e4 fxe4 33. Nxe4 Qf5 34.
b4 Nf6 35. Nd6 Qc2 36. Qxc2 Rxc2 37. Nxb7 Rb2 38. Rd4 Nd5 39. Nc5 Nxb4 40. Rd7
Kg6 41. Rb7 Nd3 42. Rxb2 Nxb2 43. Kf2 Kf5 44. Kf3 h5 45. h3 a5 46. g4+ hxg4+ 47.
hxg4+ Kg6 48. Ke4 f5+ 49. gxf5+ exf5+ 50. Ke5 Nc4+ 51. Kd5 Nb2 52. Kc6 Kh5 53.
Kb5 Kg4 54. Ne6 Nd3 55. Kxa5 Nxf4 56. Nd4 Nd5 57. Kb5 Nc3+ 1/2-1/2

[Event "Chengdu WGP 2016"]
[Site "Chengdu CHN"]
[Date "2016.07.14"]
[Round "11.1"]
[White "Harika, Dronavalli"]
[Black "Girya, Olga"]
[Result "1/2-1/2"]
[WhiteTitle "GM"]
[BlackTitle "WGM"]
[WhiteElo "2526"]
[BlackElo "2444"]
[WhiteFideId "5015197"]
[BlackFideId "4195752"]
[EventDate "2016.07.02"]

1. c4 c6 2. Nf3 d5 3. e3 Nf6 4. Nc3 e6 5. d4 Nbd7 6. Qc2 Bd6 7. b3 O-O 8. Be2 b6
9. O-O Bb7 10. e4 dxe4 11. Nxe4 Nxe4 12. Qxe4 Nf6 13. Qh4 c5 14. dxc5 Bxc5 15.
Bb2 Bxf3 16. Bxf3 Rc8 17. Rad1 Qe7 18. Bxf6 gxf6 19. Rd3 Rcd8 20. Rfd1 f5 21.
Qxe7 Bxe7 22. Rd7 Rxd7 23. Rxd7 Bc5 24. Rxa7 Rd8 25. Ra8 Rxa8 26. Bxa8 Kg7 27.
Kf1 Kf6 28. Bc6 Ke5 29. Be8 f6 30. Bd7 Kd6 31. Bc8 Ke5 32. Ke2 h6 33. f3 Ba3 34.
Kd3 Bb4 35. Kc2 f4 36. Kb2 Kd6 37. a3 Bc5 38. b4 Bg1 39. h3 Be3 40. Kc2 Ke5 41.
a4 Kd6 42. Kd3 Bf2 43. Ke2 Bg1 44. Ba6 h5 45. Bb5 h4 46. Be8 f5 47. Bf7 Bd4 48.
Kd3 Bf2 49. Kd2 Be3+ 50. Kc2 Bf2 51. Kb3 Be1 52. Bg8 Bd2 53. Bf7 Be1 54. Be8 Ke7
55. Bb5 Kd6 56. Ba6 Bd2 57. Bc8 Be1 58. Bb7 Bd2 59. Ba8 Be1 60. Bb7 Bd2 61. Ba6
Be1 62. Bb7 1/2-1/2

[Event "Chengdu WGP 2016"]
[Site "Chengdu CHN"]
[Date "2016.07.14"]
[Round "11.4"]
[White "Cramling, Pia"]
[Black "Zhao, Xue"]
[Result "0-1"]
[WhiteTitle "GM"]
[BlackTitle "GM"]
[WhiteElo "2463"]
[BlackElo "2510"]
[WhiteFideId "1700030"]
[BlackFideId "8601283"]
[EventDate "2016.07.02"]

1. Nf3 Nf6 2. c4 b6 3. d4 e6 4. g3 Ba6 5. b3 d5 6. cxd5 exd5 7. Bg2 Bb4+ 8. Bd2
Be7 9. Nc3 O-O 10. O-O Bb7 11. Bf4 Na6 12. Rc1 Re8 13. Qc2 Ba3 14. Rcd1 Bb4 15.
Bd2 Qe7 16. e3 c5 17. Qb2 Rac8 18. Ne5 Nc7 19. Rfe1 Ne6 20. Nb1 cxd4 21. Bxb4
Qxb4 22. exd4 Rc7 23. Nd3 Qd6 24. Rc1 Rxc1 25. Rxc1 Ba6 26. Rd1 h5 27. Nc3 Nxd4
28. Nf4 Qb4 29. h3 h4 30. Ncxd5 Nxd5 31. Qxd4 Re1+ 32. Kh2 Rxd1 33. Qxd1 Nxf4
34. Qd8+ Qf8 35. Qxf8+ Kxf8 36. gxf4 Ke7 37. b4 Bc4 38. a3 Ke6 39. Be4 Bd5 40.
Bd3 f6 41. Kg1 Bf3 42. Kf1 Kd5 43. Ke1 Kd4 44. Kd2 Bg2 45. Bf5 Bc6 46. Bd3 Bd7
47. f5 Bc6 0-1